| 000 | 02178cam a2200337 i 4500 | ||
|---|---|---|---|
| 003 | OSt | ||
| 005 | 20260106124001.0 | ||
| 008 | 241005s1994 xx a g 000 0 ara c | ||
| 024 | 0 | _a00000000980852 | |
| 040 |
_aSA-JeALM _bara _cSA-RiAUC _erda |
||
| 043 | _aa-sy--- | ||
| 050 | 4 | _b.S53 1994 | |
| 082 | 0 | 4 |
_a956.531 _qSA-RiAUC |
| 090 |
_a956.531 _bش ب ع |
||
| 100 | 1 |
_aشبعانية، سليم _eمؤلف. |
|
| 245 | 1 | 0 |
_aجبل قاسيون والرجال الأربعون / _cتأليف سليم فهد شبعانية. |
| 250 | _aالطبعة الأولى. | ||
| 264 | 1 |
_a[مكان النشر غير محدد] : _bمطبعة جوهر الشام. _c1994 |
|
| 264 | 3 |
_a[مكان الطبع غير محدد] : _bمطبعة جوهر الشام |
|
| 300 |
_a153 صفحة : _bإيضاحيات ؛ _c24 × 17 سم |
||
| 336 |
_aنص _btxt _2rdacontent _3كتاب |
||
| 337 |
_aبدون وسيط _bn _2rdamedia |
||
| 338 |
_aمجلد _bnc _2rdacarrier |
||
| 500 | _aتاريخ النشر من الإيداع. | ||
| 520 | _aيتناول كتاب (جبل قاسيون والرجال الأربعون) والذي قام بتأليفه سليم فهد شبعانية، موضوع (جبل قاسيون) هذا الكتاب يقدم صورة مشرقة لتاريخ جبل قاسيون، وذكر فضائلها لما ضمته من علماء الدين والتصوف الصحيح، وعلماء التفسير الأغر، وعلم الحديث الشريف، وعلماء الأدب بفنيه الشعر والنثر. وأهم الأماكن المباركة التي تحتضنها، مثل مغارة الدم وقصة ابني آدم، ومقام إبراهيم الخليل وأماكن أخرى مباركة، ومقامات لأولياء الله الصالحين، وترجمات لهم، وما ورد من فضائل الشام في الأثر. | ||
| 651 | 7 |
_aسوريا _xتاريخ _2aucsh |
|
| 651 | 7 |
_aجبل قاسيون (سوريا) _xتاريخ _2aucsh |
|
| 942 |
_2ddc _cBOOK _n0 |
||
| 949 |
_aSA-JeALM _d241005 _umohamedma123 _n1 |
||
| 999 |
_c13914 _d13914 |
||